Quiz do Japão - Statistics

Estatísticas Gerais
  • Esse quiz foi jogado 7 345 vezes
  • A pontuação média é 11 de 22
Estatísticas das Respostas
Dica Resposta % Correto
Capital Tóquio
96%
Nome para Histórias em Quadrinhos Japonesas Mangá
80%
Moeda Iene
77%
Montanha mais alta Monte Fuji
77%
Religiões tradicionais Budismo
70%
Tradução literal do acima Terra do {Sol} {Nascente}
68%
Bebida alcoólica fermentada feita com arroz Saquê
63%
Vestido tradicional Japonês Quimono
61%
Soldados do Japão pré-industrial Samurai
54%
Cerejeiras ornamentais do Japão Sakura
53%
Segunda área urbana mais populosa Osaka
46%
Antiga capital Quioto
44%
Esporte mais popular Basebol
43%
Esporte nacional Sumô
40%
Nome Japonês do Japão Nihon
39%
Religiões tradicionais Xintoísmo
32%
Ilhas principais Hokkaido
29%
Prefeitura mais ao sul do Japão onde caratê foi inventado Okinawa
28%
Ilhas principais Honshu
20%
Nome antigo do acima Edo
19%
Ilhas principais Kyushu
16%
Ilhas principais Shikoku
14%
Nenhum quiz correspondente encontrado
Distribuição das Pontuações
Porcentagem de Pessoas com Cada Pontuação
Percentil de Números Respondidos
Sua Pontuação Histórica
Você não jogou esse quiz